00670nam a2200205Ia 450000500170000000800410001702000180005804000180007604100080009408200200010210000230012224501250014525000120027026000460028230000300032865000360035865000220039465000290041670000190044520260124124352.0210716s2016 xx 000 0 und d a9788126555734 cAIMIT LIBRARY aeng a332.6 22bROSJ aRosenbaum, Joshua. aInvestment banking : bvaluation leveraged buyouts and mergers and acquisitions /cBy Joshua Rosenbaum and Joshua Pearl. a2nd ed. aNew Delhi :bWiley India Pvt Ltd ,c2016. axxii,457p. ;bPBc24.3 cm aPrecedent transactions analysis aLoveraged buyouts aMergers and acquisitions aPearl, Joshua.